|
|
|
|
| LEADER |
00000nas a22000001a 4500 |
| 001 |
vtls010302022 |
| 003 |
SK-MaSNL |
| 005 |
20260228162817.0 |
| 008 |
110810d19491949xo mr p r 0 b0slo |
| 015 |
|
|
|a SNBDS17XX9999
|
| 015 |
|
|
|a 1220
|2 Balúnová 1945-60
|
| 038 |
|
|
|a SNKBUDS
|
| 040 |
|
|
|a SNK
|b slo
|c SNK
|e AACR2
|
| 041 |
0 |
|
|a slo
|
| 044 |
|
|
|a xo
|c SK
|
| 080 |
|
|
|a 82-96
|2 2001
|
| 080 |
|
|
|a 016
|2 2001
|
| 080 |
|
|
|a 674
|2 2001
|
| 245 |
0 |
0 |
|a Prehľad zahraničnej odbornej tlače
|
| 260 |
|
|
|a Bratislava
|b Drevársky ústav
|c 1949
|
| 300 |
|
|
|a 1 roč.
|c 30 x 21 cm
|
| 310 |
|
|
|a 1x mesačne
|
| 362 |
0 |
|
|a Č. 1 (15.1.1949)-č. 12 (1949)
|
| 500 |
|
|
|a Vych. v Bratislave mesačne
|
| 500 |
|
|
|a Vyd. Drevársky ústav v Bratislave
|
| 500 |
|
|
|a Tlač. rozmnož. rotaprintom
|
| 500 |
|
|
|a Vych. od 15. jan. 1949
|
| 500 |
|
|
|a Mal prílohu Dokumentačne záznamy DVÚ, ktoré po rozstrihaní možno radiť do kartotéky
|
| 505 |
8 |
0 |
|g Roč. 1949 12 č. po 19-42 s.
|
| 580 |
|
|
|a V r. 1950 pokračoval pod názvom Prehľad drevárskej literatúry
|
| 650 |
0 |
7 |
|a odborná literatúra
|x prehľady
|2 SNKPH
|9 272172
|
| 650 |
0 |
7 |
|a drevárstvo
|2 SNKPH
|9 1116
|
| 655 |
|
7 |
|a odborné bibliografické časopisy
|2 SNKBUDS
|9 272173
|
| 710 |
2 |
|
|a Drevársky ústav (Bratislava)
|e vydav.
|9 272184
|
| 770 |
0 |
|
|t Dokumentačne záznamy DVÚ
|
| 785 |
0 |
0 |
|t Prehľad drevárskej literatúry
|
| 852 |
|
|
|a SNK
|b 10000
|h ČSB 459
|
| 852 |
|
|
|a SVKKK
|b 900000
|h C 16
|
| 999 |
|
|
|c 8380
|d 10310
|